| 000 | 00634nam a2200265Ia 4500 | ||
|---|---|---|---|
| 003 | OSt | ||
| 005 | 20220912152751.0 | ||
| 006 | a|||||r|||| 00| 0 | ||
| 007 | ta | ||
| 008 | 220909b |||||||| |||| 00| 0 eng d | ||
| 024 | _a35300 | ||
| 037 | _cTextual | ||
| 040 |
_aCSL _beng _cCSL |
||
| 041 | _aeng | ||
| 082 | _aY172.73, J31;K5 | ||
| 100 | _aPearce Roy Harvey | ||
| 245 | 0 | _aSavages of America | |
| 260 | _c1965 | ||
| 300 |
_ap. _ccm. |
||
| 650 | _a Civilization | ||
| 650 | _a Sociology | ||
| 650 | _aPrimitive | ||
| 942 |
_hY172.73, J31;K5 _cTEXL _2CC |
||
| 999 |
_c91695 _d91695 |
||